| 000 | 00581cam a2200181 4500 | ||
|---|---|---|---|
| 001 | D2610 | ||
| 008 | 090401t1985 xxu||||| |||| 00| 0 eng d | ||
| 035 | _a(Sirsi) u69885 | ||
| 041 | _aeng | ||
| 050 | _a333 | ||
| 110 |
_aCommonwealth Association of Surveying and Land Economy _92570 |
||
| 245 | 4 | _aThe management and development of land and seabed resources: report of proceedings of a CASLE regional seminar held in Port of Spain, Trinidad on 15 - 18 April 1985 | |
| 260 |
_aLondon _bCASLE _c1985 |
||
| 300 | _a139p. 30cm | ||
| 350 | _a0 | ||
| 942 | _n0 | ||
| 948 | _c04/03/1997 | ||
| 999 |
_c95247 _d95247 |
||